000 00316nam a2200133Ia 4500
005 20260326100039.0
008 260326s9999||||xx |||||||||||||| ||und||
100 _aHavel, J. E.
245 0 _aHabitat y Vivienda /
_cJ. E. Havel
260 _bEUDEBA
300 _a133 p.
650 _aARQUITECTURA-GENERAL
942 _cBK
999 _c6949
_d6949